[Event "RUS-ch 67th"]
[Site "Kazan"]
[Date "2014.12.06"]
[Round "8"]
[White "Lysyj, Igor"]
[Black "Nepomniachtchi, Ian"]
[Result "1/2-1/2"]
[WhiteElo "2686"]
[BlackElo "2714"]
[PlyCount "59"]
[EventDate "2014.11.28"]
[EventType "tourn"]
[EventRounds "9"]
[EventCountry "RUS"]
[EventCategory "19"]
[SourceTitle "CBM 164"]
[Source "ChessBase"]
[SourceDate "2015.01.15"]
[SourceVersion "1"]
[SourceVersionDate "2015.01.15"]
[SourceQuality "1"]

1. d4 d6 2. Nf3 g6 3. c4 f5 4. Nc3 Nf6 5. e3 Bg7 6. Be2 O-O 7. O-O Qe8 8. b3 e5
9. dxe5 dxe5 10. Ba3 Rf7 11. Qc2 Nc6 12. Rad1 h6 13. Rfe1 Be6 14. e4 Rd8 15.
Bd3 f4 16. Nd5 Bg4 17. Be2 Nh7 18. Bb2 Bxf3 19. Bxf3 Ng5 20. c5 Kh7 21. Qc4 Qe6
22. Rd3 Nxf3+ 23. Rxf3 Rfd7 24. Rd3 Nb8 25. Red1 a5 26. Qc2 Na6 27. Qc4 Nb8 28.
Qc2 Na6 29. Qc4 Nb8 30. Qc2 1/2-1/2

[Event "RUS-ch 67th"]
[Site "Kazan"]
[Date "2014.12.01"]
[Round "4"]
[White "Lysyj, Igor"]
[Black "Morozevich, Alexander"]
[Result "1-0"]
[WhiteElo "2686"]
[BlackElo "2724"]
[Annotator "CB"]
[PlyCount "69"]
[EventDate "2014.11.28"]
[EventType "tourn"]
[EventRounds "9"]
[EventCountry "RUS"]
[EventCategory "19"]
[SourceTitle "CBM 164"]
[Source "ChessBase"]
[SourceDate "2015.01.15"]
[SourceVersion "1"]
[SourceVersionDate "2015.01.15"]
[SourceQuality "1"]

1. d4 Nf6 2. c4 e6 3. Nf3 Bb4+ 4. Bd2 Be7 {Morozevich is certailny known for
his unusuual s tyle, even in the openings. This move has been played almost
200 times in grandmaster gamers, compared to the thousands of times Qe7 and a5
have been essayed.} 5. Nc3 O-O 6. a3 {overly cautious, there was nothing wrong
with the immediate e4.} b6 7. e4 d5 8. cxd5 exd5 9. e5 Ne4 10. Bd3 $14 {
This structure must favor White.} Bb7 11. O-O c5 12. Re1 Nxc3 13. Bxc3 {
White retains an advantage with either capture on c3 as his center is
bolstered, but it seemed to make more sense to take with the pawn.} c4 14. Bf5
Bc8 15. e6 fxe6 16. Bxe6+ Bxe6 17. Rxe6 Na6 18. Ne5 Bf6 19. Qh5 {White still
retains a lot of pressure through-out the board. The kingside and the d5 pawn
are weak for Black who is struggling to regroup.} Nc7 20. Rc6 {The rook is
almost trapped on c6, but not quite. It is difficult to deal with its activity,
actually!} Bxe5 21. dxe5 Nb5 22. Rd1 Rc8 $6 {A dubious move in an already
difficult position.} (22... d4 23. Rxc4 (23. a4 $1 $16) 23... Qd5 24. Rcxd4
Nxd4 25. Rxd4 $14) 23. Rxc8 Qxc8 24. Rxd5 Qc6 25. Qd1 $1 {Very precise, any
other move would fail to give White the advantage.} (25. Rd2 Nxc3 26. bxc3 Qe4
{and the threat of e1 is not so easy to parry.}) 25... Nc7 26. Rd7 Ne6 27. Bb4
Re8 28. Rd6 Qb5 29. Bc3 Nf4 30. Qg4 Nd5 31. Rd7 {Now, on top of everything,
the position in the kingside is unsustainable.} g6 32. Qh3 h5 33. e6 Re7 34.
Rd8+ Re8 35. Qf3 1-0

[Event "RUS-ch 67th"]
[Site "Kazan"]
[Date "2014.12.04"]
[Round "6"]
[White "Lysyj, Igor"]
[Black "Khismatullin, Denis Rimovich"]
[Result "1-0"]
[WhiteElo "2686"]
[BlackElo "2679"]
[Annotator "CB"]
[PlyCount "121"]
[EventDate "2014.11.28"]
[EventType "tourn"]
[EventRounds "9"]
[EventCountry "RUS"]
[EventCategory "19"]
[SourceTitle "CBM 164"]
[Source "ChessBase"]
[SourceDate "2015.01.15"]
[SourceVersion "1"]
[SourceVersionDate "2015.01.15"]
[SourceQuality "1"]

1. d4 d6 2. Nf3 Nf6 3. c4 g6 4. Nc3 Bf5 5. d5 Bg7 6. Nd4 Bd7 7. e4 c5 8. Nf3
O-O 9. h3 e6 10. Bd3 exd5 11. exd5 Re8+ 12. Be3 b5 13. cxb5 a6 14. bxa6 Nxa6
15. O-O Nb4 16. Bc4 Ne4 17. Bd2 Bf5 18. a3 Nc2 19. Rc1 Nd4 20. Nxd4 Bxd4 21.
Nxe4 Rxe4 22. Bd3 Bxb2 23. Bxe4 Bxe4 24. Re1 Bxd5 25. Rb1 Qf6 $2 {This is a
serious mistake as Black has no good answer to Be3.} (25... Be5 26. a4 {
gives Black chances to draw this with his powerful pair of bishops, but White
still is the one in the drivers seat.}) 26. Be3 Bd4 (26... Ba2 27. Rxb2 Qxb2
28. Qxd6 {is too dangerous for Black. His dark squares around his king are
almost impossible to hold.}) 27. Bxd4 cxd4 28. Ra1 (28. Rb4 Rxa3 29. Qxd4 Qxd4
30. Rxd4 Ra5 31. Red1 Bb3 32. Rb1 Bd5 {is probably a win but Lysyj wants to
keep his last pawn on the queenside alive.}) 28... h5 29. Qd2 Kg7 30. a4 Bc4
31. a5 d3 32. Rab1 h4 33. Re4 Be6 34. Rf4 Bf5 35. Qb4 Rc8 36. Rd1 Qe5 37. Rxh4
d5 38. Qd4 Kf6 39. Qxe5+ Kxe5 40. Ra4 Bd7 41. Ra3 Ra8 42. Rdxd3 Bb5 43. Re3+
Kd6 44. Rf3 Ra7 45. a6 Kc5 46. Rfb3 Rxa6 47. Rxa6 Bxa6 48. f3 Kd4 49. Kf2 Bc8
50. h4 Be6 51. g3 Kc4 52. Rb6 Kc5 53. Ra6 Kd4 54. Ra4+ Ke5 55. Ke3 Bd7 56. Ra5
Be6 57. g4 Bd7 58. f4+ Kd6 59. h5 gxh5 60. gxh5 Bf5 61. Kd4 1-0

[Event "RUS-ch 67th"]
[Site "Kazan"]
[Date "2014.12.07"]
[Round "9"]
[White "Morozevich, Alexander"]
[Black "Karjakin, Sergey"]
[Result "1/2-1/2"]
[WhiteElo "2724"]
[BlackElo "2770"]
[PlyCount "65"]
[EventDate "2014.11.28"]
[EventType "tourn"]
[EventRounds "9"]
[EventCountry "RUS"]
[EventCategory "19"]
[SourceTitle "CBM 164"]
[Source "ChessBase"]
[SourceDate "2015.01.15"]
[SourceVersion "1"]
[SourceVersionDate "2015.01.15"]
[SourceQuality "1"]

1. e4 e5 2. Nf3 Nc6 3. Nc3 Nf6 4. d4 exd4 5. Nxd4 Bb4 6. Nxc6 bxc6 7. Bd3 O-O
8. O-O d5 9. exd5 cxd5 10. h3 c6 11. Qf3 Re8 12. Bg5 Rb8 13. Rad1 Be7 14. b3
Nd7 15. Bf4 Rb4 16. a3 Rb7 17. b4 Nb6 18. Ne2 Bf6 19. c4 Rd7 20. cxd5 Nxd5 21.
Bg3 g6 22. Bc4 Bb7 23. Nc1 Nb6 24. Rxd7 Qxd7 25. Qxf6 Nxc4 26. Nb3 Qd3 27. Nc5
Qxf1+ 28. Kxf1 Nd2+ 29. Kg1 Re1+ 30. Kh2 Nf1+ 31. Kg1 Nd2+ 32. Kh2 Nf1+ 33. Kg1
1/2-1/2

[Event "RUS-ch 67th"]
[Site "Kazan"]
[Date "2014.12.05"]
[Round "7"]
[White "Morozevich, Alexander"]
[Black "Vitiugov, Nikita"]
[Result "1/2-1/2"]
[WhiteElo "2724"]
[BlackElo "2738"]
[Annotator "CB"]
[PlyCount "83"]
[EventDate "2014.11.28"]
[EventType "tourn"]
[EventRounds "9"]
[EventCountry "RUS"]
[EventCategory "19"]
[SourceTitle "CBM 164"]
[Source "ChessBase"]
[SourceDate "2015.01.15"]
[SourceVersion "1"]
[SourceVersionDate "2015.01.15"]
[SourceQuality "1"]

1. e4 c6 2. Nc3 d5 3. Nf3 Bg4 4. h3 Bxf3 5. Qxf3 e6 6. d3 Nd7 7. Bd2 Ngf6 8. g4
h6 9. Qg3 d4 10. Ne2 Qb6 11. Rb1 g5 12. Bg2 Be7 13. O-O h5 14. e5 Nd5 15. c4 (
15. gxh5 $1 O-O-O 16. c4 $1 $13) 15... h4 $1 16. Qf3 Nb4 $1 17. a3 $1 {A well
calculated sequence! White sacrifices two pawns but he will get them back.}
Nxe5 18. Qe4 Nbxd3 19. b4 $2 (19. Nc1 {right away was considerably stronger.}
Nxc1 20. Qxe5 f6 21. Qxe6 Nd3 22. Rbe1 $1 Nxe1 23. Rxe1 Qc7 24. Bb4 c5 25. Ba5
Qd7 26. Qxf6 {and White crashes through.}) 19... O-O 20. Nc1 Nxc1 21. Qxe5 Nd3
22. Qe4 Nf4 23. Bxf4 gxf4 24. Qxf4 {White now regains his material but nothing
more.} Qd8 $1 25. b5 Rc8 26. Rfd1 Bg5 27. Qe4 Qf6 28. bxc6 bxc6 29. Rxd4 Rfd8
30. Rbd1 Rxd4 31. Qxd4 Qxd4 32. Rxd4 Be7 33. Rd7 Bxa3 34. Rxa7 Bb2 {Now the
endgame is obviously drawn.} 35. c5 Bd4 36. Ra4 Bxc5 37. Rc4 Be7 38. Rxc6 Rxc6
39. Bxc6 e5 40. Kg2 Bg5 41. Kf3 e4+ 42. Kxe4 1/2-1/2

[Event "RUS-ch 67th"]
[Site "Kazan"]
[Date "2014.11.29"]
[Round "2"]
[White "Morozevich, Alexander"]
[Black "Grachev, Boris V"]
[Result "1-0"]
[WhiteElo "2724"]
[BlackElo "2669"]
[PlyCount "77"]
[EventDate "2014.11.28"]
[EventType "tourn"]
[EventRounds "9"]
[EventCountry "RUS"]
[EventCategory "19"]
[SourceTitle "CBM 164"]
[Source "ChessBase"]
[SourceDate "2015.01.15"]
[SourceVersion "1"]
[SourceVersionDate "2015.01.15"]
[SourceQuality "1"]

1. e4 c5 2. Nf3 e6 3. d4 cxd4 4. Nxd4 Nc6 5. Nc3 a6 6. Be2 Qc7 7. O-O Nf6 8.
Be3 Be7 9. f4 d6 10. Qe1 O-O 11. Qg3 Nxd4 12. Bxd4 b5 13. a3 Bb7 14. Kh1 Bc6
15. Bd3 Qb7 16. Rae1 b4 17. axb4 Qxb4 18. Ne2 Qb7 19. e5 Nh5 20. Qh3 g6 21. Ng3
Nxg3+ 22. hxg3 dxe5 23. Bxe5 Bb4 24. Bf6 Be7 25. Bxe7 Qxe7 26. f5 Rfe8 27. f6
Qc5 28. Rf4 Qg5 29. Rh4 h5 30. Rf1 Rad8 31. Bxg6 Rd2 32. Bxh5 Bxg2+ 33. Qxg2
Rxg2 34. Kxg2 Qd2+ 35. Rf2 Qc1 36. Be2 Qe3 37. Bd3 e5 38. Rg4+ Kh8 39. Rf5 1-0

[Event "RUS-ch 67th"]
[Site "Kazan"]
[Date "2014.12.07"]
[Round "9"]
[White "Nepomniachtchi, Ian"]
[Black "Vitiugov, Nikita"]
[Result "0-1"]
[WhiteElo "2714"]
[BlackElo "2738"]
[Annotator "CB"]
[PlyCount "78"]
[EventDate "2014.11.28"]
[EventType "tourn"]
[EventRounds "9"]
[EventCountry "RUS"]
[EventCategory "19"]
[SourceTitle "CBM 164"]
[Source "ChessBase"]
[SourceDate "2015.01.15"]
[SourceVersion "1"]
[SourceVersionDate "2015.01.15"]
[SourceQuality "1"]

1. e4 e6 2. d4 d5 3. Nc3 Bb4 4. e5 c5 5. a3 Bxc3+ 6. bxc3 Ne7 7. Qg4 cxd4 8.
Qxg7 Rg8 9. Qxh7 Qc7 10. Ne2 Nbc6 11. f4 dxc3 {Nothing like a good old
poisoned pawn Winawer French to add some drama in Vitiugov's games.} 12. h4 {
A line that some sources say is the most dangerous way to play nowadays,
though it is far from the most popular. The line is sharp and Vitiugov is a
well known theoretician in these waters.} Bd7 13. Qd3 d4 14. h5 O-O-O 15. Rb1
Kb8 {So far we have been following a Palac-Berg game, which Berg mentioned was
dangerous to him. Nepomniachtchi however is the first to deviate.} 16. g3 (16.
Ng3 {was played before.}) 16... Bc8 17. Bg2 b6 {The typical retransfer of the
bishop gives Black good play here. Relative to other variations Black's pieces
have good hope of activating well.} 18. Bf3 Bb7 19. g4 Na5 {Already it is
clear that Black's coordination will be a headache for White. His pawns are
not so far advanced on the kingside yet where they would become a headache,
and right now they are a bit of a target.} 20. Rh3 Bxf3 21. Qxf3 Nb7 22. h6 Nc5
23. h7 Rh8 $17 {The pawn made it to h7, but now it is blockaded. Meanwhile
there is the looming threat of a d3 break in the center. Black is much better.}
24. Qg2 Qd7 25. f5 d3 {Black crashes through.} 26. Nxc3 Qd4 27. Kd2 (27. Bd2
dxc2 {is curtains.}) 27... Nd5 28. Nxd5 Ne4+ 29. Kd1 Qxd5 (29... Rxd5 {was
more precise, but the move in the game is good enough.} 30. Rb4 Qf2 $1 {
is the pretty point.}) 30. Ke1 Qa2 31. Rxb6+ axb6 32. Qxe4 Qb1 33. cxd3 Qxc1+
34. Ke2 {The rook is a nice amount of material to have, but also the fact that
White is getting mated is important.} Rc8 35. Kf3 Rc2 36. Kg3 Qg1+ 37. Kf4 Rf2+
38. Kg5 exf5 39. Rh1 fxe4 0-1

[Event "RUS-ch 67th"]
[Site "Kazan"]
[Date "2014.12.04"]
[Round "6"]
[White "Nepomniachtchi, Ian"]
[Black "Morozevich, Alexander"]
[Result "1/2-1/2"]
[WhiteElo "2714"]
[BlackElo "2724"]
[Annotator "CB"]
[PlyCount "97"]
[EventDate "2014.11.28"]
[EventType "tourn"]
[EventRounds "9"]
[EventCountry "RUS"]
[EventCategory "19"]
[SourceTitle "CBM 164"]
[Source "ChessBase"]
[SourceDate "2015.01.15"]
[SourceVersion "1"]
[SourceVersionDate "2015.01.15"]
[SourceQuality "1"]

1. Nf3 Nf6 2. g3 b6 3. Bg2 Bb7 4. O-O g6 5. d4 Bg7 6. c4 O-O 7. Qc2 c5 8. d5 b5
9. cxb5 d6 10. e4 a6 11. b6 Nbd7 12. Bd2 a5 13. Nc3 Nxb6 14. Rad1 a4 15. Rfe1
Nc4 16. e5 Nxd2 (16... Nxd5 17. Nxd5 Bxd5 18. exd6 e6 (18... exd6 $2 19. Bg5 {
attacks the queen and the bishop on d5}) 19. Bc3 $14) 17. Rxd2 Ng4 18. exd6
exd6 19. Nxa4 Bc8 $44 20. h3 Nh6 21. Nc3 Bf5 22. Qd1 Bd7 23. Bf1 Bxc3 24. bxc3
Qf6 25. c4 Ra3 26. Rd3 Rxa2 27. Qc1 Kg7 28. g4 Ng8 29. Nd2 Qb2 30. Qxb2+ Rxb2
31. Ra1 Nf6 32. Ra7 Bc8 33. Nf3 h5 34. Ng5 hxg4 35. Ne6+ Bxe6 36. dxe6 gxh3 37.
Rxh3 Ng4 38. Rd3 Rb6 39. Rd7 Ne5 40. R7xd6 Rxd6 (40... Rb1 $1 $15) 41. Rxd6
fxe6 42. Rxe6 Rf5 43. Be2 Kf7 44. Ra6 Ke7 45. Kg2 Rf4 46. Ra7+ Kd6 47. Ra6+ Kd7
48. Ra7+ Kd6 49. Ra6+ 1/2-1/2

[Event "RUS-ch 67th"]
[Site "Kazan"]
[Date "2014.12.01"]
[Round "4"]
[White "Nepomniachtchi, Ian"]
[Black "Grachev, Boris V"]
[Result "1/2-1/2"]
[WhiteElo "2714"]
[BlackElo "2669"]
[PlyCount "104"]
[EventDate "2014.11.28"]
[EventType "tourn"]
[EventRounds "9"]
[EventCountry "RUS"]
[EventCategory "19"]
[SourceTitle "CBM 164"]
[Source "ChessBase"]
[SourceDate "2015.01.15"]
[SourceVersion "1"]
[SourceVersionDate "2015.01.15"]
[SourceQuality "1"]

1. e4 c5 2. Nf3 e6 3. d4 cxd4 4. Nxd4 Nc6 5. Nc3 a6 6. Nxc6 bxc6 7. Bd3 d5 8.
O-O Nf6 9. Qf3 Be7 10. Qg3 O-O 11. Bh6 Ne8 12. Bf4 Bh4 13. Qf3 Be7 14. Rad1 Nf6
15. h3 Nd7 16. Qg3 Bh4 17. Qh2 Ra7 18. Na4 Re8 19. Be3 Ra8 20. c4 Bb7 21. Bc2
Bf6 22. Kh1 Be5 23. f4 Bd6 24. Qg3 Qc7 25. Nc3 Bf8 26. Qf2 dxc4 27. Qe2 Nb6 28.
a4 Rad8 29. a5 Nd7 30. e5 c5 31. Ba4 Bc6 32. Bxc6 Qxc6 33. Qxc4 Rb8 34. Qe4 Qc7
35. Rf2 Rb4 36. Qc2 Qb7 37. Rfd2 Nb8 38. Ne2 Rb5 39. Kh2 h6 40. Ng3 Nc6 41. Rd7
Rxb2 42. Qe4 Qa8 43. Qf3 Nd4 44. Qxa8 Rxa8 45. Bxd4 cxd4 46. R1xd4 Rc8 47. Ne4
Rcc2 48. Rd2 Rxd2 49. Nxd2 Rb5 50. Nc4 Bb4 51. Ra7 Bxa5 52. Rxa6 Bb4 1/2-1/2

[Event "RUS-ch 67th"]
[Site "Kazan"]
[Date "2014.11.29"]
[Round "2"]
[White "Nepomniachtchi, Ian"]
[Black "Karjakin, Sergey"]
[Result "1-0"]
[WhiteElo "2714"]
[BlackElo "2770"]
[PlyCount "79"]
[EventDate "2014.11.28"]
[EventType "tourn"]
[EventRounds "9"]
[EventCountry "RUS"]
[EventCategory "19"]
[SourceTitle "CBM 164"]
[Source "ChessBase"]
[SourceDate "2015.01.15"]
[SourceVersion "1"]
[SourceVersionDate "2015.01.15"]
[SourceQuality "1"]

1. f4 d5 2. Nf3 g6 3. g3 Bg7 4. Bg2 c6 5. Nc3 Nh6 6. d3 d4 7. Ne4 Nd7 8. c3 Nf5
9. cxd4 Nxd4 10. Nxd4 Bxd4 11. e3 Bg7 12. d4 O-O 13. O-O Nb6 14. Nc5 Nd5 15.
Qa4 Nc7 16. Rf2 Ne6 17. Nd3 Bd7 18. Qa3 Nc7 19. Nc5 Nb5 20. Qa4 Rb8 21. Bd2 b6
22. Nxd7 Qxd7 23. Rc1 Rfc8 24. b4 Nxd4 25. exd4 Bxd4 26. Bc3 Be3 27. Re1 Qd3
28. Be5 Ra8 29. Qb3 Bxf2+ 30. Kxf2 Qxb3 31. axb3 b5 32. Bd4 a5 33. bxa5 Rxa5
34. Rxe7 c5 35. Bf6 Ra2+ 36. Kf3 c4 37. Bh3 Rf8 38. bxc4 bxc4 39. Rc7 Rxh2 40.
Bf1 1-0